Cơ học cơ sở

Spremljeno u:
Bibliografski detalji
Glavni autor: NGUYỄN TRỌNG
Format: Knjiga
Jezik:Undetermined
Izdano: Hà Nội KHKT 2001
Teme:
Oznake: Dodaj oznaku
Bez oznaka, Budi prvi tko označuje ovaj zapis!
Thư viện lưu trữ: Trung tâm Học liệu Trường Đại học Cần Thơ
LEADER 00492nam a2200169Ia 4500
001 CTU_46655
008 210402s9999 xx 000 0 und d
082 |a 531.1 
082 |b Tr431/T2/2001 
100 |a NGUYỄN TRỌNG 
245 0 |a Cơ học cơ sở 
245 0 |c NGUYỄN TRỌNG, Lê Thị Hoàng Yến, Tống Danh Đạo 
260 |a Hà Nội 
260 |b KHKT 
260 |c 2001 
650 |a mechanics 
980 |a Trung tâm Học liệu Trường Đại học Cần Thơ